Propuesta metodológica para sistematizar la práctica profesional del trabajo social

Saved in:
Bibliographic Details
Main Author: Sandoval Avila, Antonio (Author)
Format: Book
Language:Spanish
Published: Buenos Aires Espacio 2001
Series:Colección Ciencias Sociales
Subjects:
Tags: Add Tag
No Tags, Be the first to tag this record!

MARC

LEADER 00000nam a2200000 a 4500
001 UCM0077
003 CL-VaPUC
008 020108e20010000AG |||||||||||||||||spa|d
082 0 4 |a 361.32  |b SAN  |2 21 
100 0 |a Sandoval Avila, Antonio  |e author  |9 466719 
245 1 0 |a Propuesta metodológica para sistematizar la práctica profesional del trabajo social 
300 |a 164 p 
942 |c BK 
945 |d 20020108 00:00:00  |a cmena 
260 |a Buenos Aires  |b Espacio  |c 2001 
650 7 |a TRABAJO SOCIAL - PRACTICA PROFESIONAL  |2 CL-VaPUC  |9 466720 
650 0 |a Métodos de investigación   |9 262618 
650 7 |a FUNCIONALISMO  |2 CL-VaPUC  |9 466721 
583 |a last modification  |c 20020108 00:00:00  |k Rodrigo Vera 
490 0 |a Colección Ciencias Sociales 
999 |c 299139  |d 299137 
952 |0 0  |1 0  |4 0  |6 361_320000000000000_SAN_2001  |7 0  |8 A  |9 355334  |a BIBGIM  |b BIBGIM  |d 2019-11-21  |i 3786560  |o 361.32 SAN 2001  |p 3786560  |r 2025-01-15  |w 2019-11-21  |y BK  |k SSL